Capital and counties report (Record no. 88883)

MARC details
000 -LEADER
fixed length control field 01062cam a2200325 4500
008 - FIXED-LENGTH DATA ELEMENTS--GENERAL INFORMATION
fixed length control field 090401t1987 xxu||||| |||| 00| 0 eng d
020 ## - INTERNATIONAL STANDARD BOOK NUMBER
International Standard Book Number 0704905302
035 ## - SYSTEM CONTROL NUMBER
System control number (Sirsi) u26119
041 ## - LANGUAGE CODE
Language code of text/sound track or separate title eng
050 ## - LIBRARY OF CONGRESS CALL NUMBER
Classification number 338.43690952
-- 18
100 ## - MAIN ENTRY--PERSONAL NAME
Personal name Bennett, John
245 ## - TITLE STATEMENT
Title Capital and counties report
Remainder of title Japanese construction industry
260 ## - PUBLICATION, DISTRIBUTION, ETC.
Place of publication, distribution, etc. Reading
Name of publisher, distributor, etc. Centre for Strategic Studies in Construction
Date of publication, distribution, etc. 1987
300 ## - PHYSICAL DESCRIPTION
Extent 83p.
Other physical details ill.
Dimensions 30cm.
350 ## - PRICE (NR) (BK AM CF MU VM SE) [OBSOLETE]
Price 30
505 ## - FORMATTED CONTENTS NOTE
Formatted contents note Japan: the essential background
505 ## - FORMATTED CONTENTS NOTE
Formatted contents note Construction's role in the Japanese economy
505 ## - FORMATTED CONTENTS NOTE
Formatted contents note How the big six operate
505 ## - FORMATTED CONTENTS NOTE
Formatted contents note How Japanese contractors will keep ahead
505 ## - FORMATTED CONTENTS NOTE
Formatted contents note International construction: Japan's next target
505 ## - FORMATTED CONTENTS NOTE
Formatted contents note How the West should respond
505 ## - FORMATTED CONTENTS NOTE
Formatted contents note Glossary of Japanese terms
650 ## - SUBJECT ADDED ENTRY--TOPICAL TERM
Topical term or geographic name entry element JAPAN
690 ## - LOCAL SUBJECT ADDED ENTRY--TOPICAL TERM (OCLC, RLIN)
Topical term or geographic name as entry element BUILT ENVIRONMENT
700 ## - ADDED ENTRY--PERSONAL NAME
Personal name Flanagan, Roger
700 ## - ADDED ENTRY--PERSONAL NAME
Personal name Norman, George
710 ## - ADDED ENTRY--CORPORATE NAME
Corporate name or jurisdiction name as entry element University of Reading
Subordinate unit Centre for Strategic Studies in Construction
9 (RLIN) 86
942 ## - ADDED ENTRY ELEMENTS (KOHA)
Suppress in OPAC 0
948 ## - LOCAL PROCESSING INFORMATION (OCLC); SERIES PART DESIGNATOR (RLIN)
c (OCLC) 04/03/1997
Holdings
Withdrawn status Lost status Source of classification or shelving scheme Damaged status Not for loan Home library Current library Shelving location Date acquired Cost, normal purchase price Total Checkouts Full call number Barcode Date last seen Copy number Cost, replacement price Price effective from Koha item type
    Dewey Decimal Classification     London London Folio 15/08/1991 30.00   F338.43690952 BEN 30003500 06/08/2019 1 30.00 06/08/2019 Book